Výučba marketingu územia pomocou prípadových štúdií

Bibliographic Details
Main Author: Vaňová, Anna, 1965- (Author)
Format: Article
Language:Slovak
ISBN:9788089143610

MARC

LEADER 00000naa a2200000uu 4500
001 vtls011097015
003 SK-MaSNL
005 20260302135943.0
008 210824|2007 xo |||||||||||||||||slo|
015 |a SNBRA 
035 |a (urnnbn)urn:nbn:sk:snk:ar-a0cv62 
035 |a (uuid)f7d5438a-cbc7-4aa1-82e3-474438203b45 
035 |a urn:nbn:sk:snk-aaw0r0 
040 |a SNKBUCL  |b slo  |c SNKBUCL  |e AACR2 
041 0 |a slo 
044 |a xo  |c SK 
100 1 |a Vaňová, Anna,  |d 1965-  |4 aut  |9 230727 
245 1 0 |a Výučba marketingu územia pomocou prípadových štúdií  |c Anna Vaňová 
773 0 |t Zborník príspevkov z vedeckého seminára "Ako učiť ekonómiu verejnej správy" : Bratislava, 19. október 2007  |d Bratislava : Vysoká škola ekonómie a manažmentu verejnej správy, 2007  |g S. 173-178  |z 9788089143610 
958 |a OND 
958 |a article12 
958 |a chapter 
999 |c 1328813  |d 1330743